000 01207pam a2200301 a 4500
001 1068833
003 ARRUPE
005 20160428104851.0
008 910503r19921963nju b 001 0 eng
010 _a 91004205
020 _a1560005718
040 _aDLC
_cDLC
_dDLC
050 0 0 _aQ125
_b.F43 1991
082 0 0 _a509
_220
100 1 _aFeuer, Lewis Samuel,
_d1912-
_924203
245 1 4 _aThe scientific intellectual :
_bthe psychological & sociological origins of modern science /
_cLewis S. Feuer ; with a new introduction by the author.
260 _aNew Brunswick, U.S.A. :
_bTransaction Publishers,
_cc1992.
300 _axlix, 441 p.;
_c23 cm.
500 _aOriginally published: New York : Basic Books, 1963.
504 _aIncludes bibliographical references and index.
650 0 _aScience
_xHistory.
_924204
650 0 _aScience
_xPhilosophy
_xHistory.
_9867
650 0 _aScience
_xSocial aspects
_xHistory.
_917705
650 0 _aScience
_xPsychological aspects
_xHistory.
_924205
906 _a7
_bcbc
_corignew
_d1
_eocip
_f19
_gy-gencatlg
942 _2lcc
_cMONOGRAPH
999 _c124749
_d124749